Dialéctica de la modernidad
I tiakina i:
| Kaituhi matua: | |
|---|---|
| Hōputu: | Pukapuka |
| Reo: | Pāniora |
| I whakaputaina: |
Madrid
Rialp
1990
|
| Rangatū: | Naturaleza e Historia, 56
|
| Ngā marau: | |
| Ngā Tūtohu: |
Tāpirihia he Tūtohu
Kāore He Tūtohu, Me noho koe te mea tuatahi ki te tūtohu i tēnei pūkete!
|
MARC
| LEADER | 00000nam a2200000 a 4500 | ||
|---|---|---|---|
| 001 | UCW7165 | ||
| 003 | CL-VaPUC | ||
| 008 | 920914e19900000SP |||||||||||||||||spa|d | ||
| 082 | 0 | 4 | |a 149.9 |b INN |2 21 |
| 100 | |a Innerarity Grau, Daniel |e author |9 601061 | ||
| 245 | 1 | 0 | |a Dialéctica de la modernidad |
| 300 | |a 267 p | ||
| 942 | |c BK | ||
| 945 | |d 19920914 00:00:00 | ||
| 260 | |a Madrid |b Rialp |c 1990 | ||
| 650 | 0 | |a Modernismo |9 267987 | |
| 650 | 0 | |a Aspectos filosóficos |9 265456 | |
| 650 | 0 | |a Filosofía cultural |9 312300 | |
| 583 | |a last modification |c 20150409 05:12:53 |k Rodrigo Vera | ||
| 490 | 0 | |a Naturaleza e Historia, 56 | |
| 999 | |c 220020 |d 220018 | ||
| 952 | |0 0 |1 0 |4 0 |6 149_900000000000000_INN_1990 |7 0 |8 A |9 211741 |a BIBEDU |b BIBEDU |d 2019-11-15 |i 2798794 |o 149.9 INN 1990 |p 2798794 |r 2019-11-15 |w 2019-11-15 |y BK |k EDU | ||